Constituciones españolas y extranjeras / (Record no. 46955)

MARC details
000 -LEADER
campo de control de longitud fija 00712nam a2200205 i 4500
001 - NÚMERO DE CONTROL
campo de control 46955
003 - IDENTIFICADOR DE NÚMERO DE CONTROL
campo de control ES-MaACL
005 - FECHA Y HORA DE LA ÚLTIMA TRANSACCIÓN
campo de control 20230906161456.0
007 - CAMPO FIJO DE DESCRIPCIÓN FÍSICA--INFORMACIÓN GENERAL
campo de control de longitud fija t|
008 - DATOS DE LONGITUD FIJA--INFORMACIÓN GENERAL
campo de control de longitud fija 030402s1977 sp ||||1| spa d
245 00 - MENCIÓN DEL TÍTULO
Título Constituciones españolas y extranjeras /
Mención de responsabilidad, etc. edición y estudio preliminar por Jorge de Esteban ; con la colaboración de Javier García Fernández.
260 ## - PUBLICACIÓN, DISTRIBUCIÓN, ETC.
Lugar de publicación, distribución, etc. [Madrid] :
Nombre del editor, distribuidor, etc. Taurus,
Fecha de publicación, distribución, etc. [1977]
300 ## - DESCRIPCIÓN FÍSICA
Extensión 2 v. ;
Dimensiones 21 cm.
490 1# - MENCIÓN DE SERIE
Mención de serie Biblioteca política Taurus ;
Designación de volumen o secuencia 38
700 1# - ENTRADA AGREGADA--NOMBRE PERSONAL
Nombre de persona Esteban, Jorge de.
9 (RLIN) 48032
700 1# - ENTRADA AGREGADA--NOMBRE PERSONAL
Nombre de persona García Fernández, Javier.
9 (RLIN) 54597
830 0# - PUNTO DE ACCESO ADICIONAL DE SERIE-TÍTULO UNIFORME
Título uniforme Biblioteca política Taurus ;
Designación de volumen o secuencia 38
9 (RLIN) 176515
852 ## - LOCALIZACIÓN
Ubicación ES-MaACL
Número de control de estantería A-7145-6
Sublocalización o colección R.96546
Holdings
Estatus retirado Estado de pérdida Estado de daño No para préstamo Biblioteca de origen Biblioteca actual Ubicación en estantería Fecha de adquisición Fuente de adquisición Total de préstamos Signatura topográfica completa Código de barras Visto por última vez Precio de reemplazo Tipo de ítem Koha
        Biblioteca del Ateneo de Madrid Biblioteca del Ateneo de Madrid Sala Pecera Planta 1 17/01/2008     A-7145-6 1049383 23/02/2023 23/02/2023 Libro impreso